[Event "XIV Open"]
[Site "Crema ITA"]
[Date "2012.09.02"]
[Round "6"]
[White "Cervini, Ernesto"]
[Black "Tedoldi, Guido"]
[Result "0-1"]
[WhiteElo "1733"]
[BlackElo "1600"]
[PlyCount "76"]
[EventDate "2012.08.31"]

1. e4 c5 2. Nf3 Nc6 3. d4 cxd4 4. Nxd4 e5 5. Nb3 Nf6 6. Nc3 Bb4 7. Bd3 O-O 8.
a3 Bxc3+ 9. bxc3 d6 10. O-O Be6 11. Bg5 Rc8 12. c4 Nd4 13. Nxd4 exd4 14. f4 Qa5
15. Bxf6 gxf6 16. f5 Bxc4 17. Qg4+ Kh8 18. Qh4 Qe5 19. Rf3 Rg8 20. Rb1 b6 21.
Rh3 Rg7 22. a4 Bxd3 23. cxd3 Rc2 24. g3 Rc5 25. g4 d5 26. Re1 Qd6 27. exd5 Qd8
28. d6 Rxf5 29. Re7 Rfg5 30. Kf2 Rxg4 31. Qxf6 Rg2+ 32. Kf1 R2g6 33. Qxd4 Rxd6
34. Re8+ Qxe8 35. Qxd6 Qxa4 36. Qf8+ Rg8 37. Qh6 Qa1+ 38. Kf2 Qg7 0-1

[Event "XIV Open"]
[Site "Crema ITA"]
[Date "2012.09.02"]
[Round "6"]
[White "Coppola, Federico"]
[Black "Tirelli, Mauro"]
[Result "1/2-1/2"]
[WhiteElo "1893"]
[BlackElo "1990"]
[PlyCount "55"]
[EventDate "2012.08.31"]

1. e4 e6 2. d4 d5 3. Nc3 Bb4 4. a3 Bxc3+ 5. bxc3 dxe4 6. Qg4 Nf6 7. Qxg7 Rg8 8.
Qh6 Rg6 9. Qe3 c5 10. Ne2 Nc6 11. dxc5 Qa5 12. Bd2 Bd7 13. Ng3 O-O-O 14. c4 Qc7
15. Nxe4 Nxe4 16. Qxe4 h5 17. Qe3 e5 18. O-O-O Nd4 19. f4 Ba4 20. Qxe5 Qxe5 21.
fxe5 Bxc2 22. Re1 Be4 23. Bf4 Nb3+ 24. Kb2 Nxc5 25. Rg1 Bxg2 26. Be3 Bxf1 27.
Bxc5 b6 28. Rgxf1 1/2-1/2

[Event "XIV Open"]
[Site "Crema ITA"]
[Date "2012.09.02"]
[Round "6"]
[White "De Paoli, Emilio"]
[Black "Tagliaferri, Valerio"]
[Result "1-0"]
[WhiteElo "1851"]
[BlackElo "1807"]
[PlyCount "103"]
[EventDate "2012.08.31"]

1. e4 e6 2. d4 d5 3. Nc3 Nf6 4. Bg5 Be7 5. e5 Nfd7 6. h4 Bxg5 7. hxg5 Qxg5 8.
Rh3 Qd8 9. Qg4 g6 10. Nf3 c6 11. Bd3 Nf8 12. O-O-O b6 13. Rdh1 Qe7 14. Qf4 Ba6
15. Bxa6 Nxa6 16. Ng5 O-O-O 17. Nxf7 Rg8 18. Nxd8 Kxd8 19. Qf6 Rg7 20. Rf3 Ke8
21. Qxe7+ Kxe7 22. Kd2 Nb8 23. Ne2 Nbd7 24. Rh4 Rf7 25. Rhf4 Rf5 26. Rxf5 gxf5
27. Nf4 Kf7 28. Ra3 a5 29. Rh3 Kg7 30. Rg3+ Kf7 31. c3 Nb8 32. Nh5 Ng6 33. Nf6
Kg7 34. Rh3 Nf8 35. Kc2 h6 36. Ne8+ Kf7 37. Nd6+ Kg7 38. Rh1 Nbd7 39. Kb3 Ng6
40. Ne8+ Kf7 41. Nc7 Ke7 42. Rxh6 Nf4 43. g3 Nd3 44. Rh7+ Kd8 45. Nxe6+ Kc8 46.
f3 a4+ 47. Kxa4 Nxb2+ 48. Kb3 Nd3 49. Rh8+ Kb7 50. Nf8 Nb8 51. e6 Kc7 52. e7
1-0

[Event "XIV Open"]
[Site "Crema ITA"]
[Date "2012.09.02"]
[Round "6"]
[White "Distratis, Gianluca"]
[Black "Casartelli, Fabio"]
[Result "1-0"]
[WhiteElo "1962"]
[BlackElo "1860"]
[PlyCount "51"]
[EventDate "2012.08.31"]

1. e4 e5 2. Nf3 Nf6 3. d4 Nxe4 4. Nxe5 Nf6 5. Bd3 d6 6. Nf3 Nc6 7. O-O Be7 8.
h3 O-O 9. c4 d5 10. Nc3 Nb4 11. b3 Nxd3 12. Qxd3 h6 13. Re1 Be6 14. Bf4 Bb4 15.
Rac1 Ne4 16. cxd5 Bxd5 17. Bxc7 Qd7 18. Ne5 Qf5 19. f3 Ng3 20. Nxd5 Qxd3 21.
Nxd3 Bxe1 22. Ne7+ Kh7 23. Rxe1 f5 24. Bxg3 Rae8 25. d5 Rf6 26. Bc7 1-0

[Event "XIV Open"]
[Site "Crema ITA"]
[Date "2012.09.02"]
[Round "6"]
[White "Fiammetti, Gianluca"]
[Black "Manzotti, Francesco"]
[Result "1-0"]
[WhiteElo "1464"]
[BlackElo "1700"]
[PlyCount "57"]
[EventDate "2012.08.31"]

1. c4 Nf6 2. Nc3 g6 3. g3 d5 4. cxd5 Nxd5 5. Bg2 Nb6 6. Nf3 Bg7 7. O-O O-O 8.
Rb1 c5 9. b3 Nc6 10. Bb2 a6 11. Ne4 Bxb2 12. Rxb2 c4 13. Qc1 cxb3 14. Rxb3 Be6
15. Rb2 Rb8 16. d3 Nd5 17. Qh6 f6 18. Nfg5 fxg5 19. Nxg5 Rf7 20. Nxe6 Qd6 21.
Ng5 Rg7 22. Ne4 Qd8 23. Nc5 Qd6 24. Ne4 Qe5 25. Rfb1 b5 26. Qg5 Nb6 27. Qxe5
Nxe5 28. Nc5 Nbd7 29. Nxa6 1-0

[Event "XIV Open"]
[Site "Crema ITA"]
[Date "2012.09.02"]
[Round "6"]
[White "Ferrari, Paolo"]
[Black "Redamante, Marzio"]
[Result "0-1"]
[WhiteElo "1713"]
[BlackElo "1495"]
[PlyCount "78"]
[EventDate "2012.08.31"]

1. d4 d5 2. c4 e6 3. Nc3 Nf6 4. Bg5 Be7 5. e3 O-O 6. Nf3 dxc4 7. Bxc4 b6 8. O-O
Bb7 9. Qe2 Nbd7 10. Rfd1 Qc8 11. d5 exd5 12. Nxd5 Nxd5 13. Bxd5 Bxg5 14. Nxg5
Bxd5 15. Rxd5 Nf6 16. Rd4 c5 17. Rc1 cxd4 18. Rxc8 Raxc8 19. h3 dxe3 20. Qxe3
Rfe8 21. Qf3 h6 22. Nxf7 Kxf7 23. Qb7+ Kg8 24. Qxa7 Rc2 25. Qxb6 Re1+ 26. Kh2
Ree2 27. a4 Rxb2 28. Qd8+ Re8 29. Qd4 Rbb8 30. a5 Ra8 31. Qc4+ Kh8 32. a6 Re7
33. Qc5 Rea7 34. g4 Rxa6 35. g5 Ne4 36. Qd4 Nxg5 37. Kg2 Ra3 38. Qd5 Nxh3 39.
f3 Nf4+ 0-1

[Event "XIV Open"]
[Site "Crema ITA"]
[Date "2012.09.02"]
[Round "6"]
[White "Fongarolli, Diego"]
[Black "Sgnaolin, Davide"]
[Result "0-1"]
[WhiteElo "2068"]
[BlackElo "2234"]
[PlyCount "92"]
[EventDate "2012.08.31"]

1. e4 c5 2. Nf3 Nc6 3. d4 cxd4 4. Nxd4 g6 5. Nc3 Bg7 6. Be3 Nf6 7. Nxc6 bxc6 8.
e5 Nd5 9. Nxd5 cxd5 10. Qxd5 Rb8 11. Bc4 O-O 12. O-O Qc7 13. f4 Bb7 14. Qd3
Rbc8 15. Bb3 Qc6 16. Rf2 a5 17. a4 d6 18. exd6 Rfd8 19. Qb5 Rxd6 20. Qxc6 Rcxc6
21. Rb1 Bc8 22. Rd2 Bf5 23. Rxd6 exd6 24. Bd2 Rc5 25. Re1 Bxb2 26. Re8+ Kg7 27.
Re7 Bd4+ 28. Kf1 d5 29. c3 Bd3+ 30. Ke1 Bf6 31. Ra7 Be4 32. g3 Bxc3 33. Ke2 Bb4
34. Be3 Rc8 35. Rd7 Kf6 36. Bxd5 Bxd5 37. Rxd5 Rc2+ 38. Kf3 Ke6 39. Rb5 Rc3 40.
Ke2 Ra3 41. Rb6+ Kd5 42. Rb7 Ke4 43. Bc1 Rxa4 44. Rxf7 Ra2+ 45. Kd1 Rxh2 46.
Ra7 Kf3 0-1

[Event "XIV Open"]
[Site "Crema ITA"]
[Date "2012.09.02"]
[Round "6"]
[White "Frignani, Alessandro"]
[Black "Sperli', Maurizio"]
[Result "1/2-1/2"]
[WhiteElo "1377"]
[BlackElo "1532"]
[PlyCount "99"]
[EventDate "2012.08.31"]

1. e4 e5 2. Bc4 Nf6 3. Qf3 d6 4. Qb3 Qe7 5. f3 Nc6 6. Qd3 Be6 7. Bxe6 Qxe6 8.
c3 Be7 9. Qb5 Rb8 10. Ne2 O-O 11. Qb3 Qd7 12. d3 a5 13. a4 d5 14. O-O dxe4 15.
dxe4 Nh5 16. Be3 Kh8 17. Nd2 f5 18. Rad1 f4 19. Bf2 Qd6 20. Nc4 Qg6 21. Qb5 Qg5
22. Nxa5 Rf6 23. h4 Qg6 24. Nxc6 Rxc6 25. Qxe5 Re8 26. Nxf4 Nxf4 27. Qxf4 Rf6
28. Qg4 Qf7 29. Rd7 Rg6 30. Qh3 h5 31. Rxc7 Qf4 32. Rxb7 Bd6 33. Rb5 Be5 34. a5
Rd8 35. Rb6 Rgd6 36. Rxd6 Rxd6 37. Be1 Qe3+ 38. Bf2 Qf4 39. Re1 g6 40. Be3 Qf6
41. Bg5 Qf7 42. Re2 Rd1+ 43. Kf2 Bf4 44. Bxf4 Qxf4 45. Qc8+ Kh7 46. Qc5 Qxh4+
47. Ke3 Qd8 48. Qc4 Qg5+ 49. Kf2 Qh4+ 50. Ke3 1/2-1/2

[Event "XIV Open"]
[Site "Crema ITA"]
[Date "2012.09.02"]
[Round "6"]
[White "Frugoni, Giulio"]
[Black "Oteri, Aldo"]
[Result "1/2-1/2"]
[WhiteElo "1638"]
[BlackElo "1799"]
[PlyCount "92"]
[EventDate "2012.08.31"]

1. Nf3 Nf6 2. d4 g6 3. c4 Bg7 4. Nc3 O-O 5. e4 d6 6. Bg5 Nbd7 7. Qd2 c5 8. d5
Ng4 9. h3 Nge5 10. Be2 Nxf3+ 11. Bxf3 Ne5 12. Qe2 h6 13. Bh4 g5 14. Bg3 e6 15.
h4 exd5 16. hxg5 hxg5 17. Bxe5 Bxe5 18. Bg4 f5 19. Bxf5 Bxf5 20. exf5 Bxc3+ 21.
Kf1 Bg7 22. Qh5 Rxf5 23. Qh7+ Kf8 24. Qxf5+ Qf6 25. Qxf6+ Bxf6 26. cxd5 Kg7 27.
Re1 Be5 28. b3 b5 29. f3 c4 30. bxc4 bxc4 31. Rc1 c3 32. Rc2 Rc8 33. Ke2 Bf4
34. Rb1 Rc7 35. Kd3 Bd2 36. Rb4 Kf6 37. Re4 Kf5 38. g4+ Kf6 39. Re6+ Kf7 40.
Rxd6 Re7 41. Re6 Rxe6 42. dxe6+ Kxe6 43. Kc4 Kd6 44. Kd4 Ke6 45. a4 Kd6 46. a5
a6 1/2-1/2

[Event "XIV Open"]
[Site "Crema ITA"]
[Date "2012.09.02"]
[Round "6"]
[White "Galli, Fabrizio"]
[Black "Torricelli, Lorenzo"]
[Result "1-0"]
[WhiteElo "1463"]
[BlackElo "1682"]
[PlyCount "71"]
[EventDate "2012.08.31"]

1. d4 d5 2. Nf3 Nf6 3. e3 Bf5 4. Bd3 Bxd3 5. Qxd3 e6 6. Nbd2 c5 7. Qb5+ Qd7 8.
Qxd7+ Nbxd7 9. c3 Bd6 10. O-O O-O 11. Re1 Rfe8 12. e4 dxe4 13. Nxe4 Nxe4 14.
Rxe4 Nf6 15. Re2 cxd4 16. Nxd4 Red8 17. Bg5 Be7 18. a4 Rd5 19. Bh4 Rad8 20.
Ree1 g5 21. Bg3 Bc5 22. Nc2 Rd2 23. Rac1 h5 24. b4 Be7 25. Nd4 h4 26. Be5 Kh7
27. Nf3 Ra2 28. a5 Rg8 29. Re4 h3 30. g3 Ng4 31. Bd4 f6 32. Kf1 e5 33. Bxa7 Bf8
34. Kg1 Rxf2 35. Bxf2 Bh6 36. Rc4 1-0

[Event "XIV Open"]
[Site "Crema ITA"]
[Date "2012.09.02"]
[Round "6"]
[White "Gabetto, Flaviano"]
[Black "Sala, Giovanni"]
[Result "0-1"]
[WhiteElo "2108"]
[BlackElo "2022"]
[PlyCount "98"]
[EventDate "2012.08.31"]

1. e4 c5 2. Nc3 Nc6 3. g3 g6 4. Bg2 Bg7 5. d3 d6 6. Nge2 e5 7. O-O Nge7 8. Bg5
O-O 9. Qd2 f6 10. Bh6 Nd4 11. Nxd4 cxd4 12. Ne2 Be6 13. c3 dxc3 14. bxc3 d5 15.
f3 dxe4 16. fxe4 Bxh6 17. Qxh6 Qxd3 18. Rf2 Kh8 19. Raf1 Ng8 20. Qc1 Rad8 21.
Qb2 b6 22. Qa3 Qd7 23. h3 Kg7 24. g4 Qe7 25. Qc1 h6 26. Ng3 Qc5 27. Kh2 Bc4 28.
h4 Bxf1 29. Qxf1 Qxc3 30. h5 Qd3 31. Qe1 Qd1 32. Qc3 Rd3 33. Qc7+ Rf7 34. Qc8
Ne7 35. Qe6 Rd6 36. Qc4 g5 37. Bf3 Qd4 38. Qf1 Rf8 39. Rc2 Rfd8 40. Be2 Qa4 41.
Qc1 Rc6 42. Nf5+ Kh7 43. Bc4 Nxf5 44. gxf5 Rdc8 45. Qd2 Qxc2 46. Qxc2 Rxc4 47.
Qd1 Rc2+ 48. Kg3 R8c3+ 49. Kg4 Rg2# 0-1

[Event "XIV Open"]
[Site "Crema ITA"]
[Date "2012.09.02"]
[Round "6"]
[White "Gemelli, Giovanni"]
[Black "Raimondi, Celso"]
[Result "1/2-1/2"]
[WhiteElo "1807"]
[BlackElo "1657"]
[PlyCount "126"]
[EventDate "2012.08.31"]

1. e4 c5 2. Nf3 d6 3. d4 cxd4 4. Nxd4 Nf6 5. Nc3 a6 6. Be3 e6 7. f3 Be7 8. Qd2
O-O 9. O-O-O Qc7 10. Kb1 Nc6 11. g4 b5 12. g5 Nd7 13. h4 Nxd4 14. Bxd4 g6 15.
h5 b4 16. Ne2 a5 17. Ng3 Ba6 18. Bxa6 Rxa6 19. Qh2 Bxg5 20. hxg6 h6 21. Qh5 Ne5
22. Bxe5 dxe5 23. gxf7+ Qxf7 24. Qxf7+ Rxf7 25. Rd3 Rc6 26. Nf1 Rfc7 27. Rh2
Kf7 28. Ne3 Rc5 29. Ng4 Bf4 30. Re2 a4 31. Rd8 Rc8 32. Rd7+ Kg6 33. Rg2 Bg5 34.
Ra7 b3 35. axb3 axb3 36. c3 Rd8 37. Rg1 Rb5 38. Ra6 Kf7 39. Ra7+ Kf8 40. Rh7
Rd3 41. Nxh6 Rxf3 42. Rh8+ Ke7 43. Rh7+ Ke8 44. Ng4 Rf8 45. Ra7 Rb8 46. Ra6 Bf4
47. Nxe5 Bxe5 48. Rxe6+ Kd7 49. Rxe5 Rf2 50. Rd5+ Ke7 51. Re1 Rbf8 52. Red1 Rf1
53. Kc1 R8f2 54. Rxf1 Rxf1+ 55. Rd1 Rf2 56. Rd4 Rc2+ 57. Kb1 Re2 58. Kc1 Rc2+
59. Kd1 Rxb2 60. Rb4 Ke6 61. Rb5 Kd6 62. c4 Rc2 63. Rxb3 Rxc4 1/2-1/2

[Event "XIV Open"]
[Site "Crema ITA"]
[Date "2012.09.02"]
[Round "6"]
[White "Giretti Kanev, Jasen"]
[Black "Ventura, Franco"]
[Result "1-0"]
[WhiteElo "2189"]
[BlackElo "2091"]
[PlyCount "83"]
[EventDate "2012.08.31"]

1. d4 Nf6 2. Nf3 g6 3. Bf4 d6 4. e3 Bg7 5. Nbd2 O-O 6. h3 b6 7. Bc4 Bb7 8. Qe2
c5 9. c3 a6 10. a4 h6 11. O-O Nbd7 12. Rfe1 Re8 13. Rad1 Qc8 14. Ba2 Bc6 15. e4
e5 16. dxe5 dxe5 17. Bg3 b5 18. Nh4 Nf8 19. Qe3 Bb7 20. f3 Nh5 21. Bf2 c4 22.
b3 Ne6 23. bxc4 bxa4 24. c5 Bf8 25. Nc4 Bxc5 26. Qxh6 Bxf2+ 27. Kxf2 Qc5+ 28.
Re3 Nhg7 29. Nd6 Re7 30. Nxf7 Rxf7 31. Qxg6 Qe7 32. Nf5 Qf6 33. Nh6+ Kf8 34.
Nxf7 Qxf7 35. Qxf7+ Kxf7 36. Rd7+ Kf6 37. Rxb7 Rd8 38. Rb6 Rd2+ 39. Re2 Rd3 40.
Rxa6 Rxc3 41. Bxe6 Nxe6 42. Rb2 1-0

[Event "XIV Open"]
[Site "Crema ITA"]
[Date "2012.09.02"]
[Round "6"]
[White "Gonella, Graziano"]
[Black "Scotti, Luigi"]
[Result "0-1"]
[WhiteElo "1211"]
[BlackElo "1491"]
[PlyCount "48"]
[EventDate "2012.08.31"]

1. e4 d6 2. Nc3 e5 3. Bc4 Nf6 4. Nf3 c6 5. Ng5 d5 6. exd5 cxd5 7. Bb5+ Nc6 8.
O-O Bd6 9. Re1 O-O 10. Ba4 h6 11. Nf3 e4 12. Bxc6 bxc6 13. Nd4 Bxh2+ 14. Kf1
Bg4 15. Nce2 Be5 16. c3 Rb8 17. d3 Qd7 18. Qc2 c5 19. Nb3 c4 20. dxc4 dxc4 21.
Nd2 Qc6 22. Ng1 Rfd8 23. Nxe4 Nxe4 24. Rxe4 Re8 0-1

[Event "XIV Open"]
[Site "Crema ITA"]
[Date "2012.09.02"]
[Round "6"]
[White "Guidi, Maurizio"]
[Black "D'Amato, Piergiorgio"]
[Result "1-0"]
[WhiteElo "2058"]
[BlackElo "1885"]
[PlyCount "69"]
[EventDate "2012.08.31"]

1. e4 e6 2. d3 d5 3. Nd2 c5 4. Ngf3 Nc6 5. g3 Nf6 6. Bg2 Be7 7. O-O O-O 8. Re1
Qc7 9. c3 b6 10. Qe2 Ba6 11. e5 Nd7 12. Nf1 Rfe8 13. Bf4 Nf8 14. h4 Rad8 15. h5
b5 16. N1h2 d4 17. Rad1 Qb6 18. cxd4 Nxd4 19. Nxd4 Rxd4 20. Be3 Rd7 21. Qg4 f5
22. exf6 Bxf6 23. b4 Bd4 24. bxc5 Qxc5 25. Rc1 Qd6 26. Bxd4 Qxd4 27. Bc6 Red8
28. Bxd7 Qxd7 29. h6 g6 30. Qf4 Qd4 31. Qxd4 Rxd4 32. Rc7 Rxd3 33. Rxa7 Bc8 34.
Rg7+ Kh8 35. Ng4 1-0

[Event "XIV Open"]
[Site "Crema ITA"]
[Date "2012.09.02"]
[Round "6"]
[White "Maltsev, Leonid"]
[Black "Tahiraj, Almir"]
[Result "1-0"]
[WhiteElo "1941"]
[BlackElo "1820"]
[PlyCount "49"]
[EventDate "2012.08.31"]

1. e4 c6 2. d4 d5 3. exd5 cxd5 4. c4 Nf6 5. Nc3 e6 6. Nf3 Be7 7. cxd5 Nxd5 8.
Bd3 O-O 9. O-O a6 10. Re1 Nc6 11. a3 b5 12. Nxd5 exd5 13. Qc2 Na5 14. Bxh7+ Kh8
15. Ne5 Qd6 16. Bd2 Nb3 17. Qxb3 Kxh7 18. Bb4 Qc7 19. Rac1 Qb7 20. Bxe7 Qxe7
21. Qd3+ Kg8 22. Ng6 Qd8 23. Ne7+ Kh8 24. Rxc8 Rxc8 25. Qh3# 1-0

[Event "XIV Open"]
[Site "Crema ITA"]
[Date "2012.09.02"]
[Round "6"]
[White "Mansueti, Marco"]
[Black "Gagliardi, Christian"]
[Result "0-1"]
[WhiteElo "1839"]
[BlackElo "2217"]
[PlyCount "89"]
[EventDate "2012.08.31"]

1. e4 c5 2. Nf3 e6 3. d4 cxd4 4. Nxd4 Nc6 5. Nc3 Qc7 6. Be3 a6 7. Be2 Nf6 8. f4
Bb4 9. Bf3 d6 10. Qd3 Bd7 11. a3 Bc5 12. Rd1 O-O-O 13. O-O Nxd4 14. Bxd4 e5 15.
Bxc5 Qxc5+ 16. Kh1 Be6 17. Nd5 Bxd5 18. exd5 exf4 19. Qf5+ Kb8 20. Qxf4 Qxc2
21. Rd2 Qc7 22. Qg5 Rhg8 23. Re2 h6 24. Qd2 Rge8 25. Rc1 Rxe2 26. Bxe2 Qb6 27.
Bf3 Nd7 28. Qc3 Ne5 29. Be4 g6 30. b4 f5 31. Bb1 Ng4 32. h3 Ne5 33. Qd2 h5 34.
Qc3 Rf8 35. Kh2 Qd8 36. Re1 Qf6 37. Rc1 Qe7 38. Re1 g5 39. Rf1 f4 40. Qd4 Qf6
41. Qe4 g4 42. hxg4 hxg4 43. Kg1 g3 44. Bc2 Ng4 45. Qf3 0-1

[Event "XIV Open"]
[Site "Crema ITA"]
[Date "2012.09.02"]
[Round "6"]
[White "Mantovani, Enrico"]
[Black "Pinna, Ferdinando"]
[Result "1/2-1/2"]
[WhiteElo "1839"]
[BlackElo "1929"]
[PlyCount "136"]
[EventDate "2012.08.31"]

1. Nf3 Nf6 2. c4 c5 3. g3 g6 4. Bg2 Bg7 5. O-O d5 6. cxd5 Nxd5 7. Nc3 Nc6 8.
Qa4 Nxc3 9. dxc3 Qc7 10. Rd1 O-O 11. Qh4 h5 12. h3 Rd8 13. Bg5 Be6 14. Rxd8+
Qxd8 15. g4 hxg4 16. hxg4 f6 17. Be3 Qd6 18. g5 Kf7 19. Qa4 Rd8 20. Qb5 b6 21.
gxf6 exf6 22. Qxc6 Qxc6 23. Ng5+ fxg5 24. Bxc6 Bf6 25. Ba4 Bc4 26. Bb3 Bxb3 27.
axb3 Rd7 28. Kg2 Ke6 29. Kf3 Kf5 30. Rg1 Re7 31. Rg4 Re5 32. b4 cxb4 33. Rxb4
Rd5 34. Ra4 Rd7 35. Bd4 Bxd4 36. Rxd4 Rc7 37. e4+ Ke6 38. Kg4 Rf7 39. f3 Rf4+
40. Kg3 Rf7 41. Rd5 Kf6 42. Kg4 Rh7 43. Rxg5 Rh2 44. Rb5 Rc2 45. Kf4 Ke6 46.
Ke3 Kf6 47. f4 Ke6 48. Kf3 Kf6 49. e5+ Kf5 50. Rb4 Ke6 51. Ke4 Re2+ 52. Kd3 Rf2
53. Ke3 Rc2 54. Ra4 a5 55. Rc4 Rxb2 56. Rc6+ Kf7 57. Kd4 a4 58. Rc7+ Kf8 59.
Ra7 Rf2 60. Ke3 Rc2 61. Rxa4 Rxc3+ 62. Kd4 Rb3 63. Kd5 b5 64. Ra7 Rb4 65. Rb7
Rxf4 66. Rxb5 Rf1 67. Rb7 Re1 68. Ke6 Rf1 1/2-1/2

[Event "XIV Open"]
[Site "Crema ITA"]
[Date "2012.09.02"]
[Round "6"]
[White "Maraschi, Alberto"]
[Black "Vuckovic, Dimitrije"]
[Result "0-1"]
[WhiteElo "1337"]
[BlackElo "1518"]
[PlyCount "84"]
[EventDate "2012.08.31"]

1. e4 c5 2. Nf3 d6 3. Nc3 Nf6 4. d4 cxd4 5. Nxd4 g6 6. h3 Bg7 7. Bg5 O-O 8. Qf3
Nc6 9. Nxc6 bxc6 10. Bd3 Qa5 11. Bd2 Qb6 12. b3 Bb7 13. O-O Rac8 14. Rab1 e5
15. Na4 Qd8 16. Be3 c5 17. Rbd1 Nh5 18. c4 f5 19. Be2 Bxe4 20. Nxc5 Bxf3 21.
Ne6 Qe7 22. Bxf3 e4 23. Nxf8 exf3 24. Nxg6 hxg6 25. gxf3 f4 26. Bc1 Rc5 27.
Rfe1 Qg5+ 28. Kf1 Be5 29. Ba3 Rc6 30. Rd5 Qf5 31. Re4 Qxh3+ 32. Ke2 Nf6 33.
Rexe5 Nxd5 34. Rxd5 Qe6+ 35. Kd2 Ra6 36. Bb4 Rxa2+ 37. Kc3 Qe1+ 38. Kd4 Qxb4
39. Rb5 Qd2+ 40. Ke4 Qxf2 41. Kxf4 Qd4+ 42. Kg5 Rg2+ 0-1

[Event "XIV Open"]
[Site "Crema ITA"]
[Date "2012.09.02"]
[Round "6"]
[White "Marchesotti, Giovanni"]
[Black "Carbone, Lorenzo"]
[Result "1/2-1/2"]
[WhiteElo "1525"]
[BlackElo "1728"]
[PlyCount "79"]
[EventDate "2012.08.31"]

1. b3 c5 2. Bb2 e6 3. c4 d5 4. e3 Nf6 5. Nf3 Nc6 6. Be2 Be7 7. O-O O-O 8. d3
Qc7 9. a3 a6 10. Qc2 b5 11. Nbd2 Bb7 12. Rad1 dxc4 13. dxc4 b4 14. a4 Rad8 15.
Bxf6 Bxf6 16. Ne4 Qe7 17. Nxf6+ Qxf6 18. Rd2 Rxd2 19. Nxd2 Ne5 20. Bd3 Nxd3 21.
Qxd3 Rd8 22. Qe2 h6 23. f3 Qg6 24. e4 Qf6 25. e5 Qg5 26. f4 Qxg2+ 27. Qxg2 Bxg2
28. Kxg2 Rxd2+ 29. Kg3 g6 30. h4 Kg7 31. Rf3 f6 32. exf6+ Kxf6 33. Re3 Rd6 34.
Kf3 h5 35. Ke4 Rd1 36. Rg3 Rd6 37. Re3 Rd4+ 38. Kf3 Rd6 39. Ke4 Rd4+ 40. Kf3
1/2-1/2

[Event "XIV Open"]
[Site "Crema ITA"]
[Date "2012.09.02"]
[Round "6"]
[White "Poletti, Guido"]
[Black "Colombo, Abner"]
[Result "0-1"]
[WhiteElo "1371"]
[BlackElo "1188"]
[PlyCount "56"]
[EventDate "2012.08.31"]

1. e4 c6 2. Be2 d5 3. exd5 cxd5 4. d4 Nc6 5. Nf3 Bf5 6. O-O e6 7. a3 Bd6 8. c4
Be4 9. cxd5 Bxd5 10. Nc3 Bxf3 11. Bxf3 Nxd4 12. Bxb7 Rb8 13. Be4 h5 14. h3 Nb3
15. Bc6+ Kf8 16. Be3 Nxa1 17. Nb5 Rxb5 18. Bxb5 g5 19. Bxg5 Qxg5 20. Qxd6+ Ne7
21. Qd8+ Kg7 22. Qd4+ e5 23. Qc5 Nb3 24. Qc3 Nd4 25. f4 Qh4 26. Bc4 Nec6 27.
Bb5 Rh6 28. Bxc6 Ne2+ 0-1

[Event "XIV Open"]
[Site "Crema ITA"]
[Date "2012.09.02"]
[Round "6"]
[White "Popovich, Fabio"]
[Black "Barolo, Andrea"]
[Result "0-1"]
[WhiteElo "1832"]
[BlackElo "1940"]
[PlyCount "92"]
[EventDate "2012.08.31"]

1. e4 e5 2. Nf3 Nc6 3. Bb5 a6 4. Ba4 Nf6 5. O-O Be7 6. Re1 b5 7. Bb3 O-O 8. d3
d6 9. c3 Bb7 10. Nbd2 Na5 11. Bc2 c5 12. Nf1 Re8 13. Ng3 g6 14. h3 Bf8 15. Nh2
Bg7 16. f4 exf4 17. Bxf4 Nc6 18. Nf3 Nd7 19. Bxd6 Qf6 20. e5 Ncxe5 21. Ne4
Nxf3+ 22. Qxf3 Rxe4 23. dxe4 Qxd6 24. Rad1 Qe7 25. Qf4 Ne5 26. Qd2 Re8 27. Qd6
Qg5 28. Kh1 Bf8 29. Qc7 Qe7 30. Qxe7 Bxe7 31. a4 Bc6 32. axb5 Bxb5 33. Ra1 Rd8
34. Red1 Rxd1+ 35. Rxd1 c4 36. b3 Nd3 37. Bxd3 cxd3 38. Rd2 Bc6 39. Rxd3 Bxe4
40. Rd4 f5 41. Kh2 Kf7 42. Kg3 Ke6 43. Rd2 Bd5 44. Re2+ Kf6 45. b4 Bd6+ 46. Kf2
Be5 0-1

[Event "XIV Open"]
[Site "Crema ITA"]
[Date "2012.09.02"]
[Round "6"]
[White "Rambaldi, Francesco"]
[Black "Barucco, Mattia"]
[Result "1-0"]
[WhiteElo "2272"]
[BlackElo "2000"]
[PlyCount "71"]
[EventDate "2012.08.31"]

1. e4 c6 2. Nc3 d5 3. d4 dxe4 4. Nxe4 Bf5 5. Ng3 Bg6 6. Nh3 e6 7. Nf4 e5 8.
dxe5 Qa5+ 9. c3 Qxe5+ 10. Be2 Nd7 11. O-O O-O-O 12. Qa4 Bc5 13. Nxg6 hxg6 14.
Bf4 Nb6 15. Qxc6+ bxc6 16. Ba6+ Kd7 17. Bxe5 Nf6 18. b4 Bd6 19. Rad1 Ke6 20.
Bxf6 Kxf6 21. Ne4+ Ke7 22. g3 f5 23. Nxd6 Rxd6 24. Rfe1+ Kd7 25. Rxd6+ Kxd6 26.
c4 Nc8 27. c5+ Kd7 28. Rd1+ Kc7 29. Bxc8 Rxc8 30. Rd6 Kb7 31. Rxg6 Rc7 32. Kg2
Ka6 33. a4 Kb7 34. Rg5 Rf7 35. b5 cxb5 36. axb5 1-0

[Event "XIV Open"]
[Site "Crema ITA"]
[Date "2012.09.02"]
[Round "6"]
[White "Ranfagni, Stefano"]
[Black "Acunzo, Domenico"]
[Result "1-0"]
[WhiteElo "1980"]
[BlackElo "1743"]
[PlyCount "43"]
[EventDate "2012.08.31"]

1. e4 e6 2. d3 d5 3. Nd2 c5 4. g3 Ne7 5. Bg2 Nbc6 6. Ngf3 g6 7. O-O Bg7 8. Re1
b6 9. e5 a5 10. Nf1 Qc7 11. Bf4 O-O 12. Qd2 Nf5 13. c3 Ba6 14. g4 Nfe7 15. Ng3
Kh8 16. h4 Ng8 17. h5 h6 18. g5 Kh7 19. gxh6 Bxh6 20. Bxh6 Nxh6 21. hxg6+ Kg7
22. Nh5+ 1-0

[Event "XIV Open"]
[Site "Crema ITA"]
[Date "2012.09.02"]
[Round "6"]
[White "Regorda, Vittorio"]
[Black "Pisani, Valerio"]
[Result "0-1"]
[WhiteElo "1828"]
[BlackElo "1698"]
[PlyCount "66"]
[EventDate "2012.08.31"]

1. d4 Nf6 2. c4 g6 3. g3 Bg7 4. Bg2 O-O 5. Nf3 d6 6. O-O Nbd7 7. Nc3 e5 8. d5
Re8 9. e4 h6 10. Re1 g5 11. h4 g4 12. Nh2 Nf8 13. Nf1 N8h7 14. Ne3 h5 15. Qc2
Bh6 16. Nf5 Bxc1 17. Raxc1 Bxf5 18. exf5 Qd7 19. Re2 Re7 20. Rce1 Rae8 21. f3
b6 22. fxg4 hxg4 23. Nd1 Nh5 24. Re3 N7f6 25. Kh2 Ng7 26. Rf1 e4 27. Qf2 Re5
28. Qc2 Nxf5 29. Re2 Nd4 30. Qd2 Nf3+ 31. Bxf3 gxf3 32. Rxf3 exf3 33. Re4 Nxe4
0-1

[Event "XIV Open"]
[Site "Crema ITA"]
[Date "2012.09.02"]
[Round "6"]
[White "Sanchez, Joseph"]
[Black "Spornberger, Andre"]
[Result "1-0"]
[WhiteElo "2518"]
[BlackElo "2036"]
[PlyCount "83"]
[EventDate "2012.08.31"]

1. e4 d5 2. exd5 Nf6 3. Bb5+ Bd7 4. Be2 Bf5 5. c4 c6 6. d4 cxd5 7. Nc3 Nc6 8.
Nf3 dxc4 9. d5 Na5 10. O-O g6 11. Ne5 Rc8 12. g4 Nd7 13. gxf5 Nxe5 14. Qa4+ Nd7
15. f6 a6 16. Bg4 b5 17. Nxb5 axb5 18. Qxb5 Rc5 19. Qa4 Rxd5 20. Be3 h5 21. Bh3
e6 22. Rad1 Rxd1 23. Rxd1 Nb7 24. Bxe6 Bd6 25. Bb6 Qxf6 26. Bxd7+ Kf8 27. Qa8+
Kg7 28. Qxb7 Rb8 29. Bd4 Rxb7 30. Bxf6+ Kxf6 31. Rxd6+ Ke7 32. Rd4 Rxb2 33. Ba4
c3 34. Rc4 Rxa2 35. Bb3 Ra7 36. Rxc3 Kf6 37. Kg2 Kg7 38. Rc5 f6 39. Bd5 g5 40.
Be4 h4 41. h3 Re7 42. Kf3 1-0

[Event "XIV Open"]
[Site "Crema ITA"]
[Date "2012.09.02"]
[Round "6"]
[White "Swannie, Bryan"]
[Black "Mondal, Prince"]
[Result "0-1"]
[WhiteElo "1702"]
[BlackElo "1864"]
[PlyCount "46"]
[EventDate "2012.08.31"]

1. d4 Nf6 2. c4 c5 3. d5 e6 4. Nc3 exd5 5. cxd5 d6 6. g3 g6 7. Bg2 Bg7 8. e4
O-O 9. f4 Re8 10. Qc2 a6 11. a4 Nh5 12. Nf3 f5 13. O-O fxe4 14. Nxe4 Bf5 15.
Nfd2 Nf6 16. Nxf6+ Bxf6 17. Be4 Bh3 18. Rd1 Qe7 19. Ra2 Nd7 20. b3 Bd4+ 21. Kh1
Nf6 22. Re1 Bf5 23. Qd1 Nxe4 0-1

[Event "XIV Open"]
[Site "Crema ITA"]
[Date "2012.09.02"]
[Round "6"]
[White "Swannie, Douglas"]
[Black "Cappa, Enrico"]
[Result "1-0"]
[WhiteElo "1922"]
[BlackElo "1641"]
[PlyCount "73"]
[EventDate "2012.08.31"]

1. d4 Nf6 2. c4 e6 3. Nc3 b6 4. e4 d6 5. Nf3 Bb7 6. Bd3 Be7 7. O-O O-O 8. Qc2
g6 9. Bg5 Ne8 10. Bh6 Ng7 11. Rae1 Nd7 12. h3 c6 13. Qd2 e5 14. Bc2 Qc7 15. b3
Rad8 16. Ne2 d5 17. exd5 cxd5 18. Qc3 exd4 19. Nexd4 Bf6 20. Qb4 Qc5 21. Qxc5
Nxc5 22. cxd5 Bxd5 23. Rd1 Bxf3 24. Nxf3 Rxd1 25. Rxd1 Rd8 26. Rxd8+ Bxd8 27.
Bf4 Nge6 28. Bg3 Bc7 29. Ne5 f6 30. Nc6 Bxg3 31. fxg3 a6 32. b4 Nd7 33. Bb3 Kf7
34. Nd8+ Ke7 35. Nxe6 Ne5 36. Nc7 a5 37. Nd5+ 1-0